000 00712nam a2200205Ia 4500
005 20250508160113.0
008 008 250505s9999 xx 000 0 eng d
037 _aTextual
040 _aFEDL
_beng
_cFEDL
041 _aeng
_2eng
084 _a155.5, NCE
_qFEDL
100 _aSharma Atmananda
245 0 _aAbilities in the adolescent period : Their growth, differentiation and stabilisation (Cross-sectional study)
245 0 _cDepartment of Psychological Foundations National Institute of Education. National Council of Educational Research and Training
260 _c1966
300 _a142p.
650 _aChild Psychology
942 _cTEXL
_h155.5, NCE
999 _c1361752
_d1361752